000
00221nam a22000857a 4500
008
160704b xxu||||| |||| 00| 0 eng d
100
_9
1913
_a
Rao, V.K
245
_a
Education System
260
_a
New Delhi
_b
APH Publication
_c
2004
999
_c
1615
_d
1615